000
00297nam a2200109Ia 4500
008
200302s9999 xx 000 0 und d
100
_a
Claude Batley, F. R. I. B. A.
245
_a
The Design Development of Indian Architecture
260
_b
Taraporevala Sons & Co.
260
_c
1994
300
_a
96 P.,
999
_c
887
_d
887